|
|
|
|
| LEADER |
00000nam a22000007a 4500 |
| 005 |
20200724003741.0 |
| 007 |
cr|||| |||| |
| 008 |
200724s2011 br |||||s|||| 00||0 por d |
| 020 |
|
|
|a 978-85-89917-85-8
|
| 035 |
|
|
|a 31892
|
| 040 |
|
|
|a vLex
|
| 090 |
|
|
|c 10712
|d 10712
|
| 100 |
1 |
|
|a Lourenȯ, Shandor Portella
|
| 245 |
1 |
0 |
|a Segredo do comřcio
|h [Recurso electrn̤ico] /
|c Shandor Portella Lourenȯ
|
| 256 |
|
|
|a Servicio en ln̕ea
|
| 260 |
|
|
|a San Pablo:
|b Letras Jurídicas Editora,
|c 2011
|
| 300 |
|
|
|a 1 recurso electrn̤ico
|
| 500 |
|
|
|a O sistema jurd̕ico brasileiro de proteȯ̂ aos conhecimentos e inovaė̳s de valor econm̥ico para a inds︢tria e comřcio se resume, quase que exclusivamente, ̉concessô de patentes de invenȯ̂ e modelos de utilidade, registro de desenho industrial e de marca, alm̌ da repressô s̉ falsas indicaė̳s geogrf̀icas e ̉concorrn̊cia desleal.
|
| 506 |
1 |
|
|a Disponible solo en los productos indicados
|d vLex Global
|d vLex Global (Academic Edition, excluding Law Schools)
|d vLex Global (U.S. Academic Edition, Law Schools)
|d vLex Global (U.S. Academic Edition, excluding Law Schools)
|d vLex Global (Academic Edition, Law Schools)
|
| 650 |
0 |
4 |
|a Derecho Mercantil y de la Empresa
|z Brasil
|
| 740 |
0 |
|
|a vLex Libros (Servicio en ln̕ea)
|
| 856 |
4 |
0 |
|u http://vlex.com/source/segredo-do-comercio-31892
|z Acceso restringido
|
| 942 |
|
|
|c BOOK
|
| 999 |
0 |
|
|a Commercial and Company Law
|